[Event "Veneto-chT C 23rd"]
[Site "Venice Sanudo"]
[Date "1994.12.08"]
[Round "4.2"]
[White "Boesso, Paolo"]
[Black "Punteri, Marco"]
[Result "0-1"]
[WhiteElo "1600"]
[BlackElo "1702"]
[PlyCount "94"]
[EventDate "1994.12.08"]
[EventType "team-swiss"]
[EventRounds "4"]
[EventCountry "ITA"]
[SourceTitle "EXT 2022"]
[Source "ChessBase"]
[SourceDate "2021.10.06"]
[SourceVersion "1"]
[SourceVersionDate "2021.10.06"]
[SourceQuality "1"]
[WhiteTeam "Santa Maria di Sala"]
[BlackTeam "Venezia Salvioli A "]
[WhiteTeamCountry "ITA"]
[BlackTeamCountry "ITA"]

1. d4 Nf6 2. c4 c5 3. d5 b5 4. cxb5 a6 5. e3 axb5 6. Bxb5 Qa5+ 7. Nc3 Bb7 8. Bd2 Qb6 9. e4 Nxe4 10. Qb3 c4 11. Bxd7+ Nxd7 12. Qxb6 Nxb6 13. Nxe4 Bxd5 14. f3 e5 15. Nc3 Be6 16. Nb5 Nd5 17. Ne2 Rc8 18. Nec3 Nb4 19. 0-0 Bc5+ 20. Kh1 Nd3 21. Be3 Bxe3 22. Nd6+ Ke7 23. Nxc8+ Rxc8 24. g3 Rb8 25. a4 Rxb2 26. Ra2 Rxa2 27. Nxa2 c3 28. Nxc3 Nf2+ 29. Kg2 Bh3+ 30. Kg1 Nd3+ 31. Kh1 Bxf1 32. Nd5+ Ke6 33. Nxe3 Be2 34. Kg2 Nc5 35. Kf2 Ba6 36. a5 Nb3 37. f4 exf4 38. gxf4 Nxa5 39. Kf3 Nc4 40. Nc2 Bb7+ 41. Kg3 Nd6 42. Nd4+ Kf6 43. Kg4 g6 44. Nb3 h5+ 45. Kg3 g5 46. fxg5+ Kxg5 47. Nc5 Ne4+ 0-1

[Event "Veneto-chT C 23rd"]
[Site "Venice Sanudo"]
[Date "1994.12.08"]
[Round "2.2"]
[White "Ferracin, Nicola"]
[Black "Boesso, Paolo"]
[Result "1-0"]
[WhiteElo "1809"]
[BlackElo "1600"]
[PlyCount "65"]
[EventDate "1994.12.08"]
[EventType "team-swiss"]
[EventRounds "4"]
[EventCountry "ITA"]
[SourceTitle "EXT 2022"]
[Source "ChessBase"]
[SourceDate "2021.10.06"]
[SourceVersion "1"]
[SourceVersionDate "2021.10.06"]
[SourceQuality "1"]
[WhiteTeam "Montebelluna B Vergani"]
[BlackTeam "Santa Maria di Sala"]
[WhiteTeamCountry "ITA"]
[BlackTeamCountry "ITA"]

1. e4 c5 2. d4 e6 3. c3 cxd4 4. cxd4 d5 5. e5 Nc6 6. Nf3 Bb4+ 7. Bd2 Qb6 8. Bxb4 Qxb4+ 9. Qd2 Nge7 10. Nc3 Bd7 11. a3 Qb6 12. Bb5 a6 13. Bxc6 Bxc6 14. 0-0 0-0 15. a4 Rac8 16. Kh1 Qd8 17. b4 b5 18. a5 Be8 19. Nd1 f6 20. Nb2 Bg6 21. exf6 gxf6 22. Rac1 Qd7 23. Nh4 Rxc1 24. Rxc1 Rc8 25. Nxg6 hxg6 26. Re1 Qc6 27. Nd3 Qc2 28. Qe3 Rc4 29. Nc5 Nf5 30. Qf4 Kf7 31. g4 g5 32. Qf3 Nxd4 33. Qe3 1-0